A Brexit gazdasági hatásai

Bibliográfiai részletek
Szerző: Tóth Ádám
További közreműködők: Csejtei Dr. István
Dokumentumtípus: Diplomadolgozat
Kulcsszavak:Brexit
Egyesült Királyság
Európai Unió
Gazdasági hatás
Világgazdaság
Online Access:http://dolgozattar.uni-bge.hu/15049

MARC

LEADER 00000nta a2200000 i 4500
001 dolg15049
005 20200323112328.0
008 180502suuuu hu om 000 hun d
040 |a BGE Dolgozattár Repozitórium  |b hun 
041 |a hu 
100 1 |a Tóth Ádám 
245 1 2 |a A Brexit gazdasági hatásai  |c Tóth Ádám  |h [elektronikus dokumentum] 
695 |a Brexit 
695 |a Egyesült Királyság 
695 |a Európai Unió 
695 |a Gazdasági hatás 
695 |a Világgazdaság 
700 1 |a Csejtei Dr. István  |e ths 
856 4 0 |u http://dolgozattar.uni-bge.hu/15049/2/T%C3%B3th%C3%81d%C3%A1m_SJSD1U_A%20Brexit%20gazdas%C3%A1gi%20hat%C3%A1sai.pdf  |z Dokumentum-elérés